Memorable contacts with the mother / (Record no. 64124)

MARC details
000 -LEADER
fixed length control field 00543nam a22001577a 4500
005 - DATE AND TIME OF LATEST TRANSACTION
control field 20120319121344.0
020 ## - INTERNATIONAL STANDARD BOOK NUMBER
International Standard Book Number 8170585872
Terms of availability 60.00
035 ## - SYSTEM CONTROL NUMBER
System control number B-84061
037 ## - SOURCE OF ACQUISITION
Stock number DPL
Source of stock number/acquisition ENG
100 ## - MAIN ENTRY--PERSONAL NAME
Personal name Nirodbaran
245 ## - TITLE STATEMENT
Title Memorable contacts with the mother /
Statement of responsibility, etc by Nirodbaran
260 ## - PUBLICATION, DISTRIBUTION, ETC. (IMPRINT)
Place of publication, distribution, etc Pondicherry
Name of publisher, distributor, etc Sri Aurobindo Ashram
Date of publication, distribution, etc 2003
300 ## - PHYSICAL DESCRIPTION
Extent 190p.
Dimensions 16 cms.
942 ## - ADDED ENTRY ELEMENTS (KOHA)
Source of classification or shelving scheme Dewey Decimal Classification
Item type English Books
Classification part 181.499
Call number suffix NIR
Holdings
Withdrawn status Lost status Not for loan Collection code Home library Current library Date acquired Cost, normal purchase price Full call number Barcode Cost, replacement price Koha item type
      Non-fiction Sarojini Nagar Sarojini Nagar 19/03/2012 60.00 181.499 NIR B-84061 60.00 English Books

© Delhi Public Library
Hit Counter
free hit counter